Taylor Swift - Les Surprise Songs du Eras Tour en Asie - Statistiques

Statistiques générales
  • Ce quiz a été pris 11 fois
  • Le résultat moyen est 9 sur 20
Statistiques - réponses
Hint Instruments Réponse % Correct
Tokyo, Japon (10 février) 🎹 You're On Your Own, Kid
89%
Tokyo, Japon (7 février) 🎸 Dear Reader
56%
Tokyo, Japon (8 février) 🎹 Electric Touch
56%
Singapour, Singapour (2 mars) 🎹 I Don’t Wanna Live Forever & Dress
56%
Tokyo, Japon (9 février) 🎹 The Outside
56%
Singapour, Singapour (3 mars) 🎹 Clean & Evermore
44%
Tokyo, Japon (10 février) 🎸 Come In With The Rain
44%
Tokyo, Japon (8 février) 🎸 Eyes Open
44%
Singapour, Singapour (8 mars) 🎹 False God & "Slut!"
44%
Tokyo, Japon (7 février) 🎹 Holy Ground
44%
Singapour, Singapour (3 mars) 🎸 Long Story Short & The Story of Us
44%
Singapour, Singapour (2 mars) 🎸 Mine & Starlight
44%
Singapour, Singapour (9 mars) 🎹 mirrorball & epiphany
44%
Tokyo, Japon (9 février) 🎸 Superman
44%
Singapour, Singapour (4 mars) 🎹 This Love & Call It What You Want
44%
Singapour, Singapour (9 mars) 🎸 Tim McGraw & Cowboy Like Me
44%
Singapour, Singapour (7 mars) 🎸 Death By a Thousand Cuts & Babe
33%
Singapour, Singapour (7 mars) 🎹 Fifteen & You're on Your Own, Kid
33%
Singapour, Singapour (4 mars) 🎸 Foolish One & Tell Me Why
33%
Singapour, Singapour (8 mars) 🎸 Sparks Fly & Gold Rush
33%
Aucun quiz correspondant
Distribution des résultats
% des personnes avec chaque résultat
Percentile par nombre de réponses
Votre historique - résultats
Vous n’avez pas pris ce quiz